LDR 01022naa#a2200193#i#450# 001 RU\\bibl\126632 005 20260703225454.5 011 ## _a2587-6740 100 ## _a20260615b2026####ek#y0rusy0150####ca 102 ## _aRU 200 1# _aТерриториальные аспекты специализации крестьянских (фермерских) хозяйств в Крыму _eЖурнальная статья 210 1# _aМосква _cЭлектронная наука _d2026 215 ## _a3 с. 608 ## _aЖурнальная статья _2local 675 ## _aДинамичные, качественные и количественные аспекты. Изменения (трансформации, преобразования, превращения). Прогресс.Регресс. 332.05 _z 700 #1 _aМельничук _gАлександр Юрьевич 700 #1 _aКлименко _gКсения Викторовна 700 #1 _aЗакаличная _gОльга Владимировна 856 4# _aqje.su _u